000 00700cab a2200229 4500
001 WB3431-12
008 090401t1998 xxu||||| |||| 00| 0 eng d
035 _a(Sirsi) u87967
041 _aeng
245 _a300 millennium greens
260 _c1998
350 _a0
490 _aDaily Telegraph
_v10 August 1998, 7(1)
520 _aA £20m lottery-aided scheme has been devised by the Countryside Commission to develop around 30 acres of traditional village greens by the year 2000.
650 _aCOUNTRYSIDE COMMISSION
650 _aMILLENNIUM GREENS
650 _aMILLENNIUM PROJECTS
650 _aVILLAGE GREENS
690 _aECONOMIC AND SOCIAL
942 _n0
948 _c12/08/1998
999 _c55525
_d55525